000
00320nam a22001457a 4500
003
OSt
005
20160727222357.0
008
160622b xxu||||| |||| 00| 0 eng d
040
_c
TEST
100
_9
565
_a
Durr, W.K
245
_a
HONEY COMB
260
_a
BOSTON
_b
Houghton
_c
1976
300
_a
HONEY COMB
942
_2
ddc
_c
BK
999
_c
473
_d
473